| 000 | 01307nam0a22003371 4500 | ||
|---|---|---|---|
| 001 | RU\NLR\INFOCOMM_41\5000251512 | ||
| 005 | 20260313155609.0 | ||
| 035 | _a(NLR Aleph) 009089107 | ||
| 090 |
_a8030501 _c8030501 |
||
| 100 | _a20081219d1988 u y0rusy50 ca | ||
| 101 | 0 | _aeng | |
| 102 | _aRU | ||
| 105 | _ay z|||000uy | ||
| 181 | 0 |
_ai4 _baxxe |
|
| 182 | 0 | _an | |
| 200 | 1 |
_aTrade unions of the newly-free countries _ethe struggle for development _fMarat Baglai |
|
| 203 |
_aТекст _bвизуальный _cнепосредственный |
||
| 210 |
_aΜoscow _cProfizdat _d1988 |
||
| 215 |
_a104 с. _d18 см |
||
| 300 | _aВ вып. дан.: Профсоюзы освободившихся стран: борьба за развитие / Марат Викторович Баглай | ||
| 517 | 1 | _aПрофсоюзы освободившихся стран: борьба за развитие | |
| 606 |
_aПрофессиональные союзы _xРазвивающиеся страны _2nlr_sh1 |
||
| 686 |
_aФ72(0, 7) _2rubbk |
||
| 700 | 1 |
_6z01790 _aBaglaj _bM. V. _f1931- _gMarat Viktorovič _4070 |
|
| 790 | 1 |
_6z01700 _aBaglai _bM. _gMarat _4070 |
|
| 801 | 0 |
_aRU _bNLR _gPSBO |
|
| 801 | 1 |
_aRU _bNLR _c20081219 |
|
| 852 |
_aNLR _jИ25 Д-3/803 |
||
| 942 | _cBOOK | ||
| 980 | _aNB | ||